Переписка с Виленско-Ковенским управлением земледелия и государственных имуществ о предполагаемых осушительных работах в имении ...

Доступно только в Электронных читальных залах Найти на картеНа карте
RUSMARC
00003883nmc2a22002413x 450
0013d4f0606-6497-4252-b983-83ec29266ece
00520210427124227.0
100##$a20210120l19141914k l0rusy0189 ca
1010#$arus
102##$aRU
105##$ay###
1222#$ad
2001#$aПереписка с Виленско-Ковенским управлением земледелия и государственных имуществ о предполагаемых осушительных работах в имении Е.Л. Гудима Клейн-Ауц Шавельского уезда Ковенской губернии
$j8 февраля - 18 апреля 1914 г.
215##$a3 л.
$d36,5х26 см
251##$cДело
300##$aДело
371##$aДокумент не является опубликованным и широко распространяемым
461#0$10010531e687-d0ba-4684-b627-c7746d67199f
$12001
$aПереписка с западной экспедицией по осушению болот и местными управлениями земледелия и государственных имуществ о производстве изысканий по осушению болот на частновладельческих землях, с приложением прошений крестьян и владельцев имений
$1251
$cДело
$1852
$j1
462#0$10011ad45bc4-c305-4a1e-a4f9-e0213db6ead5
$12001
$aОпись № 1
$1251
$cОпись
$1852
$j1
801#0$aRU
$bРГИА
$c20210120
$gRCR
801#1$aRU
$bГлавНИВЦ
$c20210120
$2rusmarc
801#2$aRU
$bПБ им. Б.Н. Ельцина
$c20210427
$gRCR
$2rusmarc
850##$aРГИА
852##$aРГИА
$eФедеральное казенное учреждение "Российский государственный исторический архив" (РГИА)
$j1150
937##$hРГИА
$d12358229
$aASBIBLIO_SCAN
035##$aRusGRCC00019524
856##$uhttp://readingroom.main.prlib.ru/item.aspx?id_node=n163562125&mode=full
Формат отображения